00589nam a2200205Ia 4500003000400000005001700004008004100021020001900062040000700081041000800088082001500096100002900111245003100140260003600171300000900207650002000216942001300236999001900249952011500268OSt20260316131123.0250729s2009 xx 000 0 und d a978-1426222511 cAL aeng a930.7 JONC aJonathan Metcalf9230172 aConcise atlas of the world aLondonbA Penguin Companyc2009 a350p aHistory9230173 2ddccBED c238649d238649 00104070aALbALd2025-07-29eManagement Booksl0o930.7 JONCpBED03968r2025-07-29 16:56:53w2025-07-29yBK